[Event "Bayern-chTT (RL Sued-Ost)"]
[Site "Bayern 2008/09"]
[Date "2009.03.15"]
[Round "8.2"]
[White "Eizenhammer, Peter"]
[Black "Knitl, Anton"]
[Result "1/2-1/2"]
[WhiteElo "2103"]
[BlackElo "2138"]
[PlyCount "112"]
[EventDate "2009.03.??"]
[EventType "team-tourn"]
[EventRounds "9"]
[WhiteTeam "Passau 2"]
[BlackTeam "Freising 1"]

1. e4 c5 2. Nf3 e6 3. c3 d5 4. exd5 Qxd5 5. d4 Nf6 6. Be3 cxd4 7. cxd4 Bb4+ 8.
Nc3 Bd7 9. Bd3 Bb5 10. O-O Bxc3 11. Bxb5+ Qxb5 12. bxc3 O-O 13. Rb1 Qa6 14. Qb3
b6 15. Ne5 Rc8 16. f4 Nc6 17. f5 Nxe5 18. dxe5 Nd5 19. fxe6 fxe6 20. Bd4 Qc4
21. Rf3 Ne7 22. Rbf1 Nf5 23. h3 b5 24. Bf2 h5 25. Rd1 Qxb3 26. axb3 a5 27. g4
hxg4 28. hxg4 Nh6 29. Be3 Rxc3 30. Rd7 Rf8 31. Rxf8+ Kxf8 32. Bxh6 gxh6 33. Ra7
Rxb3 34. Rxa5 Rg3+ 35. Kf2 Rxg4 36. Rxb5 Kf7 37. Kf3 Rd4 38. Rb7+ Kg6 39. Re7
Kf5 40. Rh7 Rh4 41. Kg3 Rh1 42. Kg2 Rh5 43. Ra7 Rg5+ 44. Kf3 Kxe5 45. Rh7 h5
46. Rd7 h4 47. Rh7 Rg3+ 48. Kf2 Rg4 49. Kf3 Rf4+ 50. Ke3 Ra4 51. Rh5+ Kf6 52.
Kf3 e5 53. Rh8 h3 54. Rh5 Ke6 55. Rxh3 Ra3+ 56. Ke4 Rxh3 1/2-1/2

[Event "Bayern-chTT (RL Sued-Ost)"]
[Site "Bayern 2008/09"]
[Date "2009.03.15"]
[Round "8.3"]
[White "Bauer, Robert(67)"]
[Black "Holzer, Richard(72)"]
[Result "1/2-1/2"]
[WhiteElo "2060"]
[BlackElo "2176"]
[PlyCount "61"]
[EventDate "2009.03.??"]
[EventType "team-tourn"]
[EventRounds "9"]
[WhiteTeam "Freising 1"]
[BlackTeam "Passau 2"]

1. e4 e5 2. Nf3 Nc6 3. Bb5 a6 4. Ba4 Nf6 5. O-O Be7 6. Re1 b5 7. Bb3 d6 8. c3
Na5 9. Bc2 c5 10. d4 Qc7 11. d5 O-O 12. a4 Bd7 13. Nbd2 Rfb8 14. axb5 axb5 15.
b3 Nb7 16. Bb2 Ra5 17. Rxa5 Qxa5 18. Bb1 g6 19. g3 Ne8 20. Nf1 c4 21. b4 Qc7
22. Ne3 Ng7 23. Bc1 Nd8 24. g4 f6 25. h3 Nf7 26. Kg2 Kh8 27. Rh1 Rg8 28. Kf1
Qc8 29. Qd2 Rf8 30. Rg1 Ng5 31. Nxg5 1/2-1/2

[Event "Bayern-chTT (RL Sued-Ost)"]
[Site "Bayern 2008/09"]
[Date "2009.03.15"]
[Round "8.4"]
[White "Lang, Josef jr(73)"]
[Black "Trapp, Maximilian"]
[Result "0-1"]
[WhiteElo "1988"]
[BlackElo "2102"]
[PlyCount "88"]
[EventDate "2009.03.??"]
[EventType "team-tourn"]
[EventRounds "9"]
[WhiteTeam "Passau 2"]
[BlackTeam "Freising 1"]

1. e4 d5 2. exd5 Nf6 3. d4 Nxd5 4. c4 Nf6 5. Nc3 c6 6. Be2 Bf5 7. Nf3 e6 8. O-O
Be7 9. Qb3 Qb6 10. Bf4 O-O 11. Nh4 Bg4 12. Qxb6 axb6 13. f3 Bh5 14. g4 Bg6 15.
Nxg6 hxg6 16. Rfd1 Rd8 17. Bc7 Rc8 18. Bg3 Na6 19. a3 Nc7 20. Rd2 Bb4 21. Rc1
Bxc3 22. Rxc3 Nce8 23. Rb3 Nd7 24. d5 exd5 25. cxd5 cxd5 26. Rxd5 Nef6 27. Rd2
Rc6 28. Rbd3 Re8 29. Kf2 Rce6 30. Rd4 Ne5 31. h3 Nc6 32. Rd6 Rxd6 33. Rxd6 Re6
34. Rd2 Re7 35. Bc4 Rd7 36. Rxd7 Nxd7 37. Bc7 Nd4 38. Ke3 Ne6 39. Bd6 g5 40. b4
g6 41. Bd5 b5 42. Bxb7 Nb6 43. Kd3 Nc4 44. Bd5 Nxd6 0-1

[Event "Bayern-chTT (RL Sued-Ost)"]
[Site "Bayern 2008/09"]
[Date "2009.03.15"]
[Round "8.6"]
[White "Ipfelkofer, Frank"]
[Black "Benischek, Wolfgang"]
[Result "1-0"]
[WhiteElo "2101"]
[BlackElo "1953"]
[PlyCount "63"]
[EventDate "2009.03.??"]
[EventType "team-tourn"]
[EventRounds "9"]
[WhiteTeam "Passau 2"]
[BlackTeam "Freising 1"]

1. e4 e5 2. Nf3 Nc6 3. Bb5 Bc5 4. O-O d6 5. d4 exd4 6. Nxd4 Bd7 7. Nxc6 bxc6 8.
Ba4 Qh4 9. Qf3 Nf6 10. Nc3 O-O 11. Bf4 Rae8 12. Rae1 Re7 13. e5 Rfe8 14. Bg3
Qb4 15. Bb3 Bg4 16. Qxc6 Bd7 17. Qf3 Bg4 18. Qd3 dxe5 19. h3 Bh5 20. a3 Qb8 21.
Bh4 Rd7 22. Qg3 Bg6 23. Ba4 Nh5 24. Qf3 e4 25. Qg4 f5 26. Qe2 Rd4 27. Bxe8 Bxe8
28. Rd1 Nf4 29. Qa6 Ra4 30. Nxa4 Bb5 31. Qa5 Nxh3+ 32. gxh3 1-0

[Event "Bayern-chTT (RL Sued-Ost)"]
[Site "Bayern 2008/09"]
[Date "2009.03.15"]
[Round "8.7"]
[White "Wolf, Dietrich Hans(36)"]
[Black "Schneider, Roland(70)"]
[Result "1/2-1/2"]
[WhiteElo "1918"]
[BlackElo "1986"]
[PlyCount "107"]
[EventDate "2009.03.??"]
[EventType "team-tourn"]
[EventRounds "9"]
[WhiteTeam "Freising 1"]
[BlackTeam "Passau 2"]

1. e4 c5 2. Nf3 e6 3. d4 cxd4 4. Nxd4 Nc6 5. Nb5 d6 6. Bf4 e5 7. Be3 Nf6 8. Bg5
Be6 9. N1c3 a6 10. Na3 b5 11. Nd5 Rc8 12. c3 Be7 13. Bxf6 gxf6 14. Nc2 Na5 15.
a4 Nb3 16. Ra3 bxa4 17. Bxa6 Rb8 18. Ncb4 Qd7 19. Qe2 Nc5 20. Bb5 Rxb5 21. Qxb5
Qxb5 22. Nc7+ Kd7 23. Nxb5 Bc4 24. Na7 Ra8 25. Nac6 Bf8 26. f4 Bb5 27. fxe5
Bxc6 28. Nxc6 Kxc6 29. O-O Nxe4 30. exf6 d5 31. Ra2 Bc5+ 32. Kh1 Kb5 33. Rfa1
Nxf6 34. b3 Ne4 35. Rxa4 Rxa4 36. Rxa4 Nxc3 37. Rf4 Ne4 38. Rxf7 h6 39. g4 Be3
40. Kg2 Kc5 41. h4 Nd2 42. Rg7 Nxb3 43. Kf3 Kd4 44. g5 hxg5 45. hxg5 Nd2+ 46.
Ke2 Ne4 47. g6 Ng3+ 48. Kf3 Nf5 49. Rg8 Bh6 50. Kg4 Ke5 51. Ra8 Ng7 52. Rh8 Nf5
53. g7 Bxg7 54. Rh5 1/2-1/2

[Event "Bayern-chTT (RL Sued-Ost)"]
[Site "Bayern 2008/09"]
[Date "2009.03.15"]
[Round "8.8"]
[White "Heyne, Gerhard"]
[Black "Schneider, Wolfgang(64)"]
[Result "1-0"]
[WhiteElo "1955"]
[BlackElo "1915"]
[PlyCount "89"]
[EventDate "2009.03.??"]
[EventType "team-tourn"]
[EventRounds "9"]
[WhiteTeam "Passau 2"]
[BlackTeam "Freising 1"]

1. e4 c5 2. c3 d5 3. exd5 Qxd5 4. d4 Nf6 5. Nf3 Bg4 6. Be2 e6 7. O-O Nc6 8. h3
Bh5 9. Be3 cxd4 10. Nxd4 Bxe2 11. Qxe2 Nxd4 12. cxd4 Be7 13. Nc3 Qa5 14. Qf3
Qb4 15. Rab1 Rd8 16. Rfd1 Nd5 17. Nxd5 Rxd5 18. Rd3 b5 19. a3 Qd6 20. Rbd1 O-O
21. Bf4 Qd7 22. Qg4 Rc8 23. Be5 g6 24. h4 f6 25. Bg3 a5 26. Re1 Rf5 27. Qe4 Kf7
28. f3 Rc4 29. Bf2 Bd6 30. g4 Rd5 31. h5 Bc5 32. hxg6+ hxg6 33. b3 Rc2 34. a4
bxa4 35. bxa4 Rc4 36. Rb3 Bxd4 37. Bxd4 Rcxd4 38. Qe3 Re5 39. Qh6 Rxe1+ 40. Kf2
Rd2+ 41. Kxe1 Rd1+ 42. Ke2 f5 43. Rb7 Rd2+ 44. Ke1 Rd1+ 45. Kf2 1-0

[Event "Bayern-chTT (RL Sued-Ost)"]
[Site "Bayern 2008/09"]
[Date "2009.03.15"]
[Round "8.1"]
[White "Wahrlich, Andreas"]
[Black "Huber, Edwin(70)"]
[Result "1-0"]
[WhiteElo "2034"]
[BlackElo "2077"]
[PlyCount "67"]
[EventDate "2009.03.??"]
[EventType "team-tourn"]
[EventRounds "9"]
[WhiteTeam "Waldkraiburg 1"]
[BlackTeam "Ilmmünster 1"]

1. Nf3 c5 2. c4 Nc6 3. Nc3 e5 4. g3 g6 5. Bg2 Bg7 6. O-O Nge7 7. d3 O-O 8. a3
d6 9. Rb1 a5 10. Bd2 f5 11. Nb5 f4 12. Ng5 Nd4 13. Nxd4 cxd4 14. Qb3 h6 15. Ne4
g5 16. c5+ d5 17. Nd6 Be6 18. Qxb7 Kh8 19. b4 axb4 20. Bxb4 Rb8 21. Qa6 Qd7 22.
Bd2 Nc6 23. Rb7 Rxb7 24. Qxb7 Qxb7 25. Nxb7 Ra8 26. gxf4 exf4 27. Ra1 Ra4 28.
Bc1 Bf8 29. Rb1 Kg7 30. Rb6 Bd7 31. Bxd5 Ne7 32. Be4 Nc8 33. Rb1 Ra6 34. Bb2
1-0

[Event "Bayern-chTT (RL Sued-Ost)"]
[Site "Bayern 2008/09"]
[Date "2009.03.15"]
[Round "8.2"]
[White "Loder, Wilhelm"]
[Black "Poetsch, Klaus"]
[Result "1/2-1/2"]
[WhiteElo "2096"]
[BlackElo "2140"]
[PlyCount "75"]
[EventDate "2009.03.??"]
[EventType "team-tourn"]
[EventRounds "9"]
[WhiteTeam "Ilmmünster 1"]
[BlackTeam "Waldkraiburg 1"]

1. d4 d5 2. c4 e6 3. Nf3 c6 4. e3 Nd7 5. b3 f5 6. Bd3 Bb4+ 7. Nbd2 Ngf6 8. a3
Bd6 9. O-O b6 10. Bb2 O-O 11. b4 Bb7 12. b5 cxb5 13. cxd5 Bxd5 14. Bxb5 a6 15.
Bd3 b5 16. Qe2 Ne4 17. Ne5 Nxd2 18. Qxd2 Bxe5 19. dxe5 Nc5 20. Bc2 Ne4 21. Qd4
Rc8 22. Bxe4 fxe4 23. Rac1 Qh4 24. f4 Rcd8 25. Qb6 Qg4 26. Rf2 Bc4 27. Bd4 h5
28. Qxa6 Rxd4 29. exd4 e3 30. Rf3 e2 31. Qa5 Rxf4 32. Qc3 Rxf3 33. Qxf3 Qxd4+
34. Qf2 Qd1+ 35. Qe1 Qd4+ 36. Qf2 Qd1+ 37. Qe1 Qd4+ 38. Qf2 1/2-1/2

[Event "Bayern-chTT (RL Sued-Ost)"]
[Site "Bayern 2008/09"]
[Date "2009.03.15"]
[Round "8.3"]
[White "Jergler, Karl-Heinz"]
[Black "Seisenberger, Georg"]
[Result "1/2-1/2"]
[WhiteElo "2116"]
[BlackElo "2051"]
[PlyCount "61"]
[EventDate "2009.03.??"]
[EventType "team-tourn"]
[EventRounds "9"]
[WhiteTeam "Waldkraiburg 1"]
[BlackTeam "Ilmmünster 1"]

1. e4 e6 2. d4 d5 3. Nc3 Nf6 4. Bg5 Bb4 5. e5 h6 6. Bd2 Bxc3 7. bxc3 Ne4 8. Qg4
g6 9. h4 c5 10. Bd3 Nxd2 11. Kxd2 c4 12. Be2 Nc6 13. Nf3 Bd7 14. Qf4 Qe7 15. a4
b6 16. g4 O-O-O 17. g5 h5 18. Rhb1 Na5 19. Ke1 Qe8 20. Rb4 Nc6 21. Rb2 Na5 22.
Rba2 Kc7 23. Qc1 Qe7 24. Nd2 Rb8 25. Nb1 Rb7 26. Na3 a6 27. Bf3 Ra7 28. Qf4 Bc6
29. Qc1 Bd7 30. Qf4 Bc6 31. Qc1 1/2-1/2

[Event "Bayern-chTT (RL Sued-Ost)"]
[Site "Bayern 2008/09"]
[Date "2009.03.15"]
[Round "8.4"]
[White "Reischl, Markus"]
[Black "Hauschild, Helmut"]
[Result "0-1"]
[WhiteElo "2058"]
[BlackElo "2109"]
[PlyCount "54"]
[EventDate "2009.03.??"]
[EventType "team-tourn"]
[EventRounds "9"]
[WhiteTeam "Ilmmünster 1"]
[BlackTeam "Waldkraiburg 1"]

1. d4 Nf6 2. c4 g6 3. Nc3 Bg7 4. e4 d6 5. Nf3 O-O 6. Be2 Na6 7. O-O e5 8. Be3
Ng4 9. Bg5 f6 10. Bh4 h5 11. Bg3 Qe8 12. d5 f5 13. exf5 gxf5 14. h3 Nf6 15. Qd2
Nc5 16. Bh4 Nce4 17. Nxe4 Nxe4 18. Qc2 Qg6 19. Nd2 Bh6 20. Nxe4 fxe4 21. Kh1
Kh7 22. Rae1 Bf4 23. Rg1 Rg8 24. Qd1 Kh6 25. Bf1 Bxh3 26. g3 Bg4 27. gxf4 Bf3+
0-1

[Event "Bayern-chTT (RL Sued-Ost)"]
[Site "Bayern 2008/09"]
[Date "2009.03.15"]
[Round "8.5"]
[White "Loew, Peter"]
[Black "Kampert, Andreas"]
[Result "1/2-1/2"]
[WhiteElo "2039"]
[BlackElo "2057"]
[PlyCount "83"]
[EventDate "2009.03.??"]
[EventType "team-tourn"]
[EventRounds "9"]
[WhiteTeam "Waldkraiburg 1"]
[BlackTeam "Ilmmünster 1"]

1. f4 d5 2. b3 Nf6 3. Bb2 g6 4. Nf3 Bg7 5. e3 O-O 6. Be2 c5 7. O-O Nc6 8. Ne5
Nxe5 9. Bxe5 Ne8 10. Bxg7 Nxg7 11. Bf3 Be6 12. c3 Qb6 13. d4 Rac8 14. g4 cxd4
15. exd4 f6 16. Re1 Qd6 17. Qd2 Rc7 18. Qe3 Rfc8 19. Rc1 Bf7 20. Bg2 b5 21. b4
Be6 22. Bf3 Bd7 23. Be2 Re8 24. Nd2 Ne6 25. Rf1 Rec8 26. Rac1 Ng7 27. Nb3 Re8
28. Nc5 Bc6 29. Rce1 e5 30. fxe5 fxe5 31. Qg3 Qe7 32. dxe5 Qxe5 33. Qxe5 Rxe5
34. Bf3 Rce7 35. Rxe5 Rxe5 36. Kf2 Kf7 37. Rd1 g5 38. Nb3 Ne6 39. Nd4 Nxd4 40.
cxd4 Re6 41. Rc1 Ke7 42. Re1 1/2-1/2

[Event "Bayern-chTT (RL Sued-Ost)"]
[Site "Bayern 2008/09"]
[Date "2009.03.15"]
[Round "8.6"]
[White "Niedermeier, Thomas(90)"]
[Black "Guenes, Erdogan"]
[Result "0-1"]
[WhiteElo "1976"]
[BlackElo "1970"]
[PlyCount "140"]
[EventDate "2009.03.??"]
[EventType "team-tourn"]
[EventRounds "9"]
[WhiteTeam "Ilmmünster 1"]
[BlackTeam "Waldkraiburg 1"]

1. e4 c5 2. Nf3 d6 3. Bb5+ Bd7 4. Bxd7+ Qxd7 5. O-O Nc6 6. c3 g6 7. d4 cxd4 8.
cxd4 Bg7 9. Nc3 Nf6 10. d5 Ne5 11. Nxe5 dxe5 12. f3 O-O 13. Be3 Rfc8 14. Qb3
Ne8 15. Rfc1 Nd6 16. Na4 b6 17. Rc3 f5 18. Rac1 fxe4 19. fxe4 Qg4 20. Rxc8+
Rxc8 21. Rxc8+ Qxc8 22. Nc3 Qa6 23. Qc2 Qc4 24. b3 Qc8 25. Qd3 Bf6 26. h3 h5
27. a4 Kf7 28. Nb5 Nxb5 29. axb5 Qd7 30. Qc4 Qd6 31. g3 Kg7 32. Bc1 Qd7 33. Kg2
Qd6 34. Bb2 Kh7 35. Bc1 Kg7 36. b4 Kf7 37. Bd2 e6 38. Qc6 Be7 39. Kf3 exd5 40.
Qxd5+ Qe6 41. h4 Bd6 42. Ke3 Ke7 43. Qxe6+ Kxe6 44. Kd3 Bf8 45. Kc4 Be7 46. Bh6
Kd6 47. Be3 Ke6 48. Bd2 Kd6 49. Kd3 Kc7 50. Bc3 Bf6 51. Ke3 Kb7 52. Kf3 a6 53.
g4 Bxh4 54. gxh5 gxh5 55. Bxe5 a5 56. Bc3 a4 57. e5 a3 58. Ke4 Be7 59. e6 a2
60. Kf5 Bxb4 61. Be5 Bd6 62. Bd4 h4 63. Kg4 Be7 64. Be5 Kc8 65. Kh3 Kd8 66. Kg4
Ke8 67. Bg7 Bd8 68. Kh3 Ke7 69. Kxh4 Kxe6+ 70. Kg4 Bf6 0-1

[Event "Bayern-chTT (RL Sued-Ost)"]
[Site "Bayern 2008/09"]
[Date "2009.03.15"]
[Round "8.7"]
[White "Hauschild, Rudolf jr(55)"]
[Black "Schwertler, Philipp"]
[Result "0-1"]
[WhiteElo "1812"]
[BlackElo "1944"]
[PlyCount "104"]
[EventDate "2009.03.??"]
[EventType "team-tourn"]
[EventRounds "9"]
[WhiteTeam "Waldkraiburg 1"]
[BlackTeam "Ilmmünster 1"]

1. Nf3 f5 2. c4 Nf6 3. Nc3 d6 4. d4 g6 5. g3 Bg7 6. Bg2 O-O 7. O-O Nc6 8. d5
Ne5 9. Nxe5 dxe5 10. e4 f4 11. f3 fxg3 12. hxg3 a6 13. Be3 Bd7 14. b4 Nh5 15.
Kh2 Qe8 16. Qd2 g5 17. Bxg5 Qg6 18. Ne2 Rf7 19. Rab1 Raf8 20. Rb3 e6 21. Bh3
exd5 22. cxd5 Bxh3 23. Kxh3 Nf6 24. Bxf6 Rxf6 25. Kg2 h5 26. Rh1 Bh6 27. Qe1
R8f7 28. Ng1 c6 29. Rd3 Rd6 30. Qd1 Rfd7 31. Ne2 cxd5 32. Rxd5 Rxd5 33. exd5 e4
34. f4 e3 35. Qb3 Qe4+ 36. Kh2 Qxd5 37. Nc1 Qxb3 38. Nxb3 Bf8 39. Re1 Rd3 40.
Nc1 Ra3 41. Re2 Bxb4 42. Nb3 Bd2 43. Kh3 Rxa2 44. Kh4 a5 45. Kxh5 Rb2 46. Nd4
Bc3 47. Nc2 Kf7 48. g4 a4 49. g5 a3 50. g6+ Kf6 51. Nxe3 Rxe2 52. Nd5+ Kf5 0-1

[Event "Bayern-chTT (RL Sued-Ost)"]
[Site "Bayern 2008/09"]
[Date "2009.03.15"]
[Round "8.8"]
[White "Baier, Herbert(65)"]
[Black "Mertz, Waldemar"]
[Result "1-0"]
[WhiteElo "1961"]
[BlackElo "1872"]
[PlyCount "121"]
[EventDate "2009.03.??"]
[EventType "team-tourn"]
[EventRounds "9"]
[WhiteTeam "Ilmmünster 1"]
[BlackTeam "Waldkraiburg 1"]

1. e4 c5 2. Nf3 d6 3. d4 cxd4 4. Nxd4 Nf6 5. Nc3 a6 6. f4 e6 7. a4 Be7 8. Be2
Nc6 9. Be3 Bd7 10. O-O O-O 11. Kh1 Qc7 12. Qe1 Rab8 13. Qg3 Kh8 14. Rad1 Rbc8
15. f5 Nxd4 16. Bxd4 Bc6 17. e5 dxe5 18. Bxe5 Qb6 19. Bd3 Rg8 20. Qh3 Rcd8 21.
fxe6 fxe6 22. Ne2 Be4 23. Nf4 Rxd3 24. cxd3 Bf5 25. Qg3 Ng4 26. Nd5 exd5 27.
Rxf5 Nxe5 28. Qxe5 Bf6 29. Qxd5 Qxb2 30. Rdf1 h6 31. R5f2 Qb6 32. Qh5 Kh7 33.
Qf7 Kh8 34. Re2 Qc6 35. Qc4 Qxc4 36. dxc4 Rc8 37. Re4 Rc7 38. Rf5 Kh7 39. Rd5
Kg6 40. Kg1 Kh7 41. Kf2 Bc3 42. Ke2 Bb4 43. Kd3 b6 44. g4 a5 45. h4 Rf7 46. h5
Bc5 47. Rd8 Rf3+ 48. Ke2 Rf2+ 49. Ke1 Rf7 50. Ree8 g5 51. Rh8+ Kg7 52. Rdg8+
Kf6 53. Rxh6+ Ke5 54. Rxg5+ Kd4 55. Re6 Kd3 56. Rf5 Rg7 57. Rf4 Rd7 58. h6 Kc2
59. Re2+ Kc1 60. Kf1 Rd1+ 61. Re1 1-0

[Event "Bayern-chTT (RL Sued-Ost)"]
[Site "Bayern 2008/09"]
[Date "2009.03.15"]
[Round "8.1"]
[White "Berchtenbreiter, Maximilian"]
[Black "Riedel, Wolfgang(52)"]
[Result "1/2-1/2"]
[WhiteElo "2164"]
[BlackElo "2209"]
[PlyCount "67"]
[EventDate "2009.03.??"]
[EventType "team-tourn"]
[EventRounds "9"]
[WhiteTeam "Pang/Ro.2"]
[BlackTeam "Gräfelfing 1"]

1. Nf3 g6 2. d4 Nf6 3. c4 Bg7 4. Nc3 d6 5. g3 O-O 6. Bg2 c6 7. e4 Nbd7 8. O-O
e5 9. h3 a5 10. b3 Re8 11. Re1 exd4 12. Nxd4 Nc5 13. Rb1 Nfd7 14. Be3 Nf8 15.
a3 Bd7 16. b4 axb4 17. axb4 Nce6 18. Nde2 Ra3 19. Qc1 Ra8 20. Kh2 Qc7 21. h4 h5
22. Bh6 Nh7 23. Bxg7 Nxg7 24. Rd1 Be6 25. Qf4 Bxc4 26. Rxd6 Qe7 27. Rbd1 Rad8
28. e5 Bxe2 29. Rxd8 Rxd8 30. Rxd8+ Qxd8 31. Nxe2 Ne6 32. Qe3 Nhf8 33. Be4 Qd1
34. Nc3 1/2-1/2

[Event "Bayern-chTT (RL Sued-Ost)"]
[Site "Bayern 2008/09"]
[Date "2009.03.15"]
[Round "8.2"]
[White "Gesing, Oliver"]
[Black "Graf, Christian(61)"]
[Result "1-0"]
[WhiteElo "2079"]
[BlackElo "2064"]
[PlyCount "51"]
[EventDate "2009.03.??"]
[EventType "team-tourn"]
[EventRounds "9"]
[WhiteTeam "Gräfelfing 1"]
[BlackTeam "Pang/Ro.2"]

1. e4 c6 2. Nc3 d5 3. Nf3 Bg4 4. h3 Bxf3 5. Qxf3 e6 6. d3 Nf6 7. Bd2 Bb4 8. e5
Nfd7 9. Qg4 Bf8 10. f4 h5 11. Qf3 g6 12. O-O-O c5 13. g4 Nc6 14. Bg2 Qb6 15.
Rde1 O-O-O 16. Qf2 Bg7 17. Kb1 Nd4 18. Be3 hxg4 19. hxg4 g5 20. Na4 Qb4 21.
Nxc5 Nb5 22. d4 Na3+ 23. Kc1 Nxc5 24. dxc5 gxf4 25. Bd2 Rxh1 26. Bxb4 1-0

[Event "Bayern-chTT (RL Sued-Ost)"]
[Site "Bayern 2008/09"]
[Date "2009.03.15"]
[Round "8.3"]
[White "Heigermoser, Robert"]
[Black "Hofmann, Juergen(59)"]
[Result "1/2-1/2"]
[WhiteElo "2014"]
[BlackElo "2168"]
[PlyCount "65"]
[EventDate "2009.03.??"]
[EventType "team-tourn"]
[EventRounds "9"]
[WhiteTeam "Pang/Ro.2"]
[BlackTeam "Gräfelfing 1"]

1. e4 c5 2. Nf3 d6 3. d4 cxd4 4. Nxd4 Nf6 5. Nc3 g6 6. Be3 Bg7 7. f3 Nc6 8. Bc4
O-O 9. Qd2 Bd7 10. O-O-O Qa5 11. Bb3 Rfc8 12. Kb1 Ne5 13. h4 Rab8 14. h5 Nxh5
15. g4 Nf6 16. Bh6 Rxc3 17. Qxc3 Qxc3 18. bxc3 Bxh6 19. Rxh6 Kg7 20. Rhh1 Rc8
21. Kb2 h5 22. gxh5 Nxh5 23. Rdg1 Kf6 24. Rh4 Nc4+ 25. Bxc4 Rxc4 26. Kb3 Rc5
27. a3 e5 28. Ne2 Be6+ 29. Kb2 Rb5+ 30. Kc1 Ra5 31. Kb2 Rb5+ 32. Kc1 Ra5 33.
Kb2 1/2-1/2

[Event "Bayern-chTT (RL Sued-Ost)"]
[Site "Bayern 2008/09"]
[Date "2009.03.15"]
[Round "8.4"]
[White "Luft, Martin"]
[Black "Wittmann, Matthias(81)"]
[Result "1-0"]
[WhiteElo "2109"]
[BlackElo "2118"]
[PlyCount "43"]
[EventDate "2009.03.??"]
[EventType "team-tourn"]
[EventRounds "9"]
[WhiteTeam "Gräfelfing 1"]
[BlackTeam "Pang/Ro.2"]

1. Nf3 Nc6 2. d4 d5 3. Bf4 Bg4 4. e3 e6 5. h3 Bxf3 6. Qxf3 Nf6 7. c3 Ne7 8. Nd2
Ng6 9. Bg5 Be7 10. Bd3 c6 11. Qd1 Nd7 12. Bxe7 Qxe7 13. Qb3 Rb8 14. Nf3 O-O 15.
O-O Nh4 16. Qd1 e5 17. Nxe5 Nxe5 18. dxe5 Qxe5 19. Qa4 Qg5 20. g3 Nf3+ 21. Kg2
Qh5 22. Qd1 1-0

[Event "Bayern-chTT (RL Sued-Ost)"]
[Site "Bayern 2008/09"]
[Date "2009.03.15"]
[Round "8.5"]
[White "Meingast, Markus"]
[Black "Wuerdinger, Alexander"]
[Result "0-1"]
[WhiteElo "2069"]
[BlackElo "2074"]
[PlyCount "68"]
[EventDate "2009.03.??"]
[EventType "team-tourn"]
[EventRounds "9"]
[WhiteTeam "Pang/Ro.2"]
[BlackTeam "Gräfelfing 1"]

1. e4 c5 2. Nc3 e6 3. g3 d5 4. d3 Nf6 5. Bg2 Be7 6. f4 dxe4 7. Nxe4 O-O 8. Be3
Nc6 9. c3 Qa5 10. Nxf6+ Bxf6 11. Nf3 Rd8 12. Qc2 Nd4 13. Nxd4 cxd4 14. Bd2 dxc3
15. bxc3 Qc5 16. Be4 Bd7 17. d4 Qh5 18. Bxb7 Bb5 19. Qd1 Qf5 20. Qf3 Rab8 21.
Be4 Qh3 22. a4 Bc4 23. a5 Rb2 24. a6 Rdb8 25. Qe3 g6 26. Ra4 Rb1+ 27. Bc1 Bd5
28. Bxd5 exd5 29. Rb4 R8xb4 30. cxb4 Qg2 31. Rf1 Bxd4 32. Qd2 Qe4+ 33. Kd1 Be3
34. Re1 Qf3+ 0-1

[Event "Bayern-chTT (RL Sued-Ost)"]
[Site "Bayern 2008/09"]
[Date "2009.03.15"]
[Round "8.6"]
[White "Schneider, Richard(60)"]
[Black "Steinbacher, Thomas"]
[Result "1/2-1/2"]
[WhiteElo "2100"]
[BlackElo "2044"]
[PlyCount "46"]
[EventDate "2009.03.??"]
[EventType "team-tourn"]
[EventRounds "9"]
[WhiteTeam "Gräfelfing 1"]
[BlackTeam "Pang/Ro.2"]

1. d4 d5 2. c4 dxc4 3. Nf3 c5 4. Nc3 cxd4 5. Qxd4 Qxd4 6. Nxd4 e5 7. Ndb5 Na6
8. Nd5 Kd7 9. e4 Nb4 10. Nxb4 Bxb4+ 11. Nc3 b5 12. a4 Ba6 13. axb5 Bxb5 14. Bd2
Bxc3 15. Bxc3 Nf6 16. f3 Ke6 17. b3 Rhc8 18. Kd2 a6 19. bxc4 Bxc4 20. Ra5 Nd7
21. Bxc4+ Rxc4 22. Rb1 Rc6 23. g4 Rac8 1/2-1/2

[Event "Bayern-chTT (RL Sued-Ost)"]
[Site "Bayern 2008/09"]
[Date "2009.03.15"]
[Round "8.7"]
[White "Rosner, Gerhard"]
[Black "Hock, Martin"]
[Result "1/2-1/2"]
[WhiteElo "2043"]
[BlackElo "1990"]
[PlyCount "58"]
[EventDate "2009.03.??"]
[EventType "team-tourn"]
[EventRounds "9"]
[WhiteTeam "Pang/Ro.2"]
[BlackTeam "Gräfelfing 1"]

1. c4 e5 2. Nc3 Nf6 3. g3 g6 4. Bg2 Bg7 5. b3 O-O 6. Bb2 d6 7. d3 c6 8. Qc2
Nbd7 9. Nf3 Qc7 10. O-O Nh5 11. e3 f5 12. Rad1 Re8 13. e4 f4 14. d4 Ndf6 15.
Ba3 Bf8 16. Bb2 Bg4 17. Ne2 fxg3 18. fxg3 Bh6 19. dxe5 dxe5 20. h3 Bxf3 21.
Bxf3 Rad8 22. Kh2 Qe7 23. Bc1 Bxc1 24. Qxc1 Rxd1 25. Rxd1 Rd8 26. Rxd8+ Qxd8
27. Qg5 Qd3 28. Kg2 Qd6 29. Qe3 b6 1/2-1/2

[Event "Bayern-chTT (RL Sued-Ost)"]
[Site "Bayern 2008/09"]
[Date "2009.03.15"]
[Round "8.8"]
[White "Soergel, Thomas"]
[Black "Kranewitter, Norbert"]
[Result "1/2-1/2"]
[WhiteElo "1943"]
[BlackElo "1984"]
[PlyCount "49"]
[EventDate "2009.03.??"]
[EventType "team-tourn"]
[EventRounds "9"]
[WhiteTeam "Gräfelfing 1"]
[BlackTeam "Pang/Ro.2"]

1. c4 c6 2. d4 d5 3. Bf4 Nf6 4. e3 e6 5. Nf3 Be7 6. Nc3 Nbd7 7. h3 Qa5 8. Nd2
Bb4 9. Qc2 O-O 10. Bd3 Re8 11. O-O e5 12. dxe5 Nxe5 13. Bxe5 Rxe5 14. Nb3 Qc7
15. c5 Bxc3 16. Qxc3 Bf5 17. Be2 Rae8 18. Nd4 Bc8 19. Nf3 Rh5 20. Nd2 Rh6 21.
f4 Ne4 22. Nxe4 Rxe4 23. Bd3 Re8 24. Rf3 f5 25. Qc2 1/2-1/2

[Event "Bayern-chTT (RL Sued-Ost)"]
[Site "Bayern 2008/09"]
[Date "2009.03.15"]
[Round "8.1"]
[White "Schaefer, Matthias(79)"]
[Black "Huch, Reiner"]
[Result "1/2-1/2"]
[WhiteElo "2274"]
[BlackElo "2253"]
[PlyCount "44"]
[EventDate "2009.03.??"]
[EventType "team-tourn"]
[EventRounds "9"]
[WhiteTeam "Starnberg 1"]
[BlackTeam "Trostberg 1"]

1. e4 e6 2. d4 d5 3. Nc3 Nf6 4. e5 Nfd7 5. Qg4 c5 6. dxc5 Nc6 7. Nf3 Nxc5 8. a3
a6 9. Be2 Qc7 10. O-O g6 11. Qh4 Bg7 12. Bh6 O-O 13. Ng5 Qxe5 14. Nxh7 Bxh6 15.
Qxh6 Re8 16. Qh4 Nd7 17. Ng5 Nf8 18. f4 Qg7 19. Kh1 Bd7 20. Bd3 b5 21. Nd1 f6
22. Nf3 e5 1/2-1/2

[Event "Bayern-chTT (RL Sued-Ost)"]
[Site "Bayern 2008/09"]
[Date "2009.03.15"]
[Round "8.2"]
[White "Besner, Bernhard"]
[Black "Terzic, Safet"]
[Result "1/2-1/2"]
[WhiteElo "2155"]
[BlackElo "2199"]
[PlyCount "25"]
[EventDate "2009.03.??"]
[EventType "team-tourn"]
[EventRounds "9"]
[WhiteTeam "Trostberg 1"]
[BlackTeam "Starnberg 1"]

1. e4 d6 2. d4 Nf6 3. Nc3 g6 4. Bg5 Bg7 5. e5 Nfd7 6. f4 O-O 7. Bc4 Nb6 8. Bb3
Nc6 9. Nf3 Bg4 10. O-O d5 11. h3 Bxf3 12. Rxf3 Qd7 13. Qd3 1/2-1/2

[Event "Bayern-chTT (RL Sued-Ost)"]
[Site "Bayern 2008/09"]
[Date "2009.03.15"]
[Round "8.3"]
[White "Absmaier, Friedrich sr(63)"]
[Black "Kern, Johannes Dr(61)"]
[Result "1/2-1/2"]
[WhiteElo "2092"]
[BlackElo "2135"]
[PlyCount "42"]
[EventDate "2009.03.??"]
[EventType "team-tourn"]
[EventRounds "9"]
[WhiteTeam "Starnberg 1"]
[BlackTeam "Trostberg 1"]

1. e4 e6 2. d4 d5 3. e5 c5 4. c3 Nc6 5. Nf3 Qb6 6. a3 Nh6 7. b4 cxd4 8. cxd4
Nf5 9. Be3 Bd7 10. Bd3 Nxe3 11. fxe3 Rc8 12. O-O Be7 13. Nbd2 f6 14. Kh1 O-O
15. Qb1 f5 16. Nb3 Nd8 17. Nc5 Bb5 18. g3 Bxd3 19. Qxd3 Qc6 20. Rfc1 Qe8 21.
Rc2 g5 1/2-1/2